K-Letter Subdivisions of Europe - Statistics

General Stats
  • This quiz has been taken 24 times
    5 since last reset
  • The average score is 21 of 77
Answer Stats
Country Subdivision Type Answer % Correct
Ireland County Kildare
80%
Ireland County Kilkenny
80%
Russia Territory Krasnodar
80%
Finland Region Kainuu
60%
Russia Region Kaliningrad
60%
Russia Republic Karelia
60%
Lithuania County Kaunas
60%
Ireland County Kerry
60%
Ukraine Region Kharkiv
60%
Ukraine Region Kherson
60%
Lithuania County Klaipėda
60%
Montenegro Municipality Kotor
60%
Ukraine City Kyiv
60%
Ukraine Region Kyiv
60%
Russia Republic Kabardino-Balkaria
40%
Sweden County Kalmar
40%
Russia Republic Kalmykia
40%
Bulgaria Province Kardzhali
40%
Czech Republic Region Karlovy Vary
40%
Ukraine Region Khmelnytskyi
40%
Russia Region Kirov
40%
Ukraine Region Kirovohrad
40%
Russia Republic Komi
40%
Albania County Korçë
40%
Slovakia Region Košice
40%
Russia Region Kostroma
40%
Albania County Kukës
40%
Russia Region Kursk
40%
Finland Region Kymenlaakso
40%
Iceland Municipality Kaldrananeshreppur
20%
Russia Region Kaluga
20%
Slovenia Municipality Kamnik
20%
Russia Republic Karachay-Cherkessia
20%
Croatia County Karlovac
20%
North Macedonia Municipality Karpoš
20%
North Macedonia Municipality Kavadarci
20%
Latvia Municipality Kekava
20%
North Macedonia Municipality Kičevo
20%
Slovenia Municipality Kidričevo
20%
North Macedonia Municipality Kisela Voda
20%
Iceland Municipality Kjósarhreppur
20%
Slovenia Municipality Kobarid
20%
Slovenia Municipality Kobilje
20%
North Macedonia Municipality Kočani
20%
Slovenia Municipality Kočevje
20%
Montenegro Municipality Kolašin
20%
Serbia District Kolubara
20%
Slovenia Municipality Komen
20%
Slovenia Municipality Komenda
20%
North Macedonia Municipality Konče
20%
Iceland Municipality Kópavogur
20%
Slovenia Municipality Kozje
20%
Slovenia City Kranj
20%
North Macedonia Municipality Kratovo
20%
North Macedonia Municipality Kriva Palanka
20%
North Macedonia Municipality Krivogaštani
20%
Slovenia Municipality Križevci
20%
Sweden County Kronoberg
20%
Slovenia Municipality Krško
20%
Slovenia Municipality Kungota
20%
Bulgaria Province Kyustendil
20%
Slovenia Municipality Kanal ob Soči
0%
Finland Region Kanta-Häme
0%
North Macedonia Municipality Karbinci
0%
Hungary County Komárom-Esztergom
0%
Slovenia City Koper
0%
Croatia County Koprivnica-Križevci
0%
Slovenia Municipality Kostanjevica na Krki
0%
Slovenia Municipality Kostel
0%
Slovenia Municipality Kranjska Gora
0%
Croatia County Krapina-Zagorje
0%
Latvia Municipality Krāslava
0%
North Macedonia Municipality Kruševo
0%
Latvia Municipality Kuldīga
0%
North Macedonia Municipality Kumanovo
0%
Poland Province Kuyavian-Pomeranian
0%
Slovenia Municipality Kuzma
0%
No matching quizzes found
Score Distribution
Percent of People with Each Score
Percentile by Number Answered
Your Score History
You have not taken this quiz since the last reset